Letting them die : (Record no. 4680)

MARC details
000 -LEADER
fixed length control field 01683cam a22004337a 4500
001 - CONTROL NUMBER
control field 13487878
003 - CONTROL NUMBER IDENTIFIER
control field OSt
005 - DATE AND TIME OF LATEST TRANSACTION
control field 20160707183731.0
008 - FIXED-LENGTH DATA ELEMENTS--GENERAL INFORMATION
fixed length control field 040211s2003 enk b 001 0 eng
010 ## - LIBRARY OF CONGRESS CONTROL NUMBER
LC control number 2004296831
015 ## - NATIONAL BIBLIOGRAPHY NUMBER
National bibliography number GBA2-U5116
016 7# - NATIONAL BIBLIOGRAPHIC AGENCY CONTROL NUMBER
Record control number 101191182
Source DNLM
020 ## - INTERNATIONAL STANDARD BOOK NUMBER
International Standard Book Number 0852558678 (James Curry cloth)
020 ## - INTERNATIONAL STANDARD BOOK NUMBER
International Standard Book Number 0852558686 (James Curry paper)
020 ## - INTERNATIONAL STANDARD BOOK NUMBER
International Standard Book Number 0253343283 (Indiana cloth)
020 ## - INTERNATIONAL STANDARD BOOK NUMBER
International Standard Book Number 0253216354 (Indiana paper)
020 ## - INTERNATIONAL STANDARD BOOK NUMBER
International Standard Book Number 1919930116 (Double Storey Books)
035 ## - SYSTEM CONTROL NUMBER
System control number (OCoLC)ocm50783610
040 ## - CATALOGING SOURCE
Original cataloging agency NLM
Transcribing agency NLM
Modifying agency UKM
-- GZM
-- DLC
042 ## - AUTHENTICATION CODE
Authentication code nlmcopyc
043 ## - GEOGRAPHIC AREA CODE
Geographic area code f-sa---
082 ## - DEWEY DECIMAL CLASSIFICATION NUMBER
Classification number WA 546
Item number C152a 2003
100 1# - MAIN ENTRY--PERSONAL NAME
Personal name Campbell, Catherine,
9 (RLIN) 10069
245 10 - TITLE STATEMENT
Title Letting them die :
Remainder of title why HIV/AIDS intervention programmes fail /
Statement of responsibility, etc. Catherine Campbell.
246 30 - VARYING FORM OF TITLE
Title proper/short title Why HIV/AIDS intervention programmes fail
260 ## - PUBLICATION, DISTRIBUTION, ETC. (IMPRINT)
Place of publication, distribution, etc. Oxford :
Name of publisher, distributor, etc. International African Institute,
Date of publication, distribution, etc. 2003.
300 ## - PHYSICAL DESCRIPTION
Extent ix, 214 p. ;
Dimensions 23 cm.
440 #0 - SERIES STATEMENT/ADDED ENTRY--TITLE
Title African issues
9 (RLIN) 10070
500 ## - GENERAL NOTE
General note "In association with James Currey, Indiana University Press [and] Double Storey."
504 ## - BIBLIOGRAPHY, ETC. NOTE
Bibliography, etc Includes bibliographical references (p. 197-206) and index.
650 #0 - SUBJECT ADDED ENTRY--TOPICAL TERM
Topical term or geographic name as entry element AIDS (Disease)
Geographic subdivision South Africa
General subdivision Prevention.
9 (RLIN) 10071
650 12 - SUBJECT ADDED ENTRY--TOPICAL TERM
Topical term or geographic name as entry element Acquired Immunodeficiency Syndrome
General subdivision prevention & control
Geographic subdivision Africa.
9 (RLIN) 10072
650 12 - SUBJECT ADDED ENTRY--TOPICAL TERM
Topical term or geographic name as entry element HIV Infections
General subdivision prevention & control
Geographic subdivision Africa.
9 (RLIN) 10073
650 22 - SUBJECT ADDED ENTRY--TOPICAL TERM
Topical term or geographic name as entry element Psychology, Social
Geographic subdivision Africa.
9 (RLIN) 10074
710 2# - ADDED ENTRY--CORPORATE NAME
Corporate name or jurisdiction name as entry element International African Institute.
9 (RLIN) 10075
906 ## - LOCAL DATA ELEMENT F, LDF (RLIN)
a 7
b cbc
c copycat
d 2
e ncip
f 20
g y-gencatlg
942 ## - ADDED ENTRY ELEMENTS (KOHA)
Source of classification or shelving scheme Other/Generic Classification Scheme
Koha item type Open Shelf
Holdings
Withdrawn status Lost status Source of classification or shelving scheme Damaged status Not for loan Home library Current library Date acquired Source of acquisition Inventory number Total Checkouts Full call number Barcode Date last seen Price effective from Koha item type
    Other/Generic Classification Scheme     MUST Main Library MUST Main Library 07/07/2016   2006/26607   WA 546 C152a 2003 2016-3077 07/07/2016 07/07/2016 Open Shelf